Modern portfolio management

Bibliographic Details
Main Author: Sivalingam, G. (Author)
Format: Book
Language:English
Published: Singapore : Longman Publishers (Pte) Ltd. 1990
Subjects:

MARC

LEADER 00000cam a2200000 7i4500
001 0000003394
005 20240927.0
008 991203 si a eng
020 |a 9971899817 
040 |a INS   |b eng   |e rda 
090 0 0 |a HG4529.5   |b .S6241 1990 
100 1 |a Sivalingam, G. ,   |e author 
245 1 0 |a Modern portfolio management   |c G. Sivalingam 
264 1 |a Singapore :   |b Longman Publishers (Pte) Ltd.   |c 1990 
300 |a ix, 242 pages :   |b illustrations ;   |c 24 cm. 
336 |a text  |2 rdacontent 
337 |a unmediated  |2 rdamedia 
338 |a volume  |2 rdacarrier 
500 |a Includes index 
650 0 |a Portfolio management 
999 |a 0000005516   |b BOOK   |c Open Shelf   |e Default branch